| 000 | 00636nam a22002057a 4500 | ||
|---|---|---|---|
| 003 | OSt | ||
| 005 | 20251206010326.0 | ||
| 008 | 251206b |||||||| |||| 00| 0 eng d | ||
| 020 | _a0-8036-0817-9. | ||
| 040 |
_aDWCL-Main lib. _cOC |
||
| 082 |
_22nd ed. _aCirc. 362.173068 T175e 2001 |
||
| 100 | _aTappen, Ruth M. | ||
| 245 |
_aEssentials of nursing leadership and management/ _cRuth M. Tappen |
||
| 250 | _a2nd ed. | ||
| 260 |
_aPhiladelphia : _b F.A. Davis Company, _cc2001. |
||
| 300 |
_axiii, 278 p. ; _c25 cm. |
||
| 700 | _aWeiss, Sally A. | ||
| 700 | _dWhitehead, Diane K. | ||
| 942 |
_2ddc _cBK-CIRC _e2nd ed. _hCirc. _n0 |
||
| 999 |
_c6971 _d6971 |
||